Statistics for Easiest Foreign Languages For English Speakers to Learn

Click here to take the quiz!

General Stats

  • This quiz has been taken 207 times
  • The average score is 7 of 10

Answer Stats

Answer% Correct
French
98%
Spanish
98%
Italian
91%
Dutch
90%
Portuguese
81%
Swedish
79%
Norwegian
74%
Afrikaans
42%
Frisian
22%
Esperanto
15%

Score Distribution

Percentile by Number Answered

Percent of People with Each Score

Your Score History

You have not taken this quiz